Kategorie: Geschlecht?: empirische Analysen und feministische Theorien

Guardado en:  
Detalles Bibliográficos
Otros Autores: Fischer, Ute Luise 1965- (Editor)
Tipo de documento: Print Libro
Lenguaje:Alemán
Publicado: Opladen Leske + Budrich 1996
En: Geschlecht & Gesellschaft (6)
Año: 1996
Acceso en línea: Portada
Portada
Índice
Índice
Publisher
Verificar disponibilidad: HBZ Gateway
Servicio de pedido Subito: Pedir ahora.
Palabras clave:

MARC

LEADER 00000cam a2200000 c 4500
001 216640881
003 DE-627
005 20260206195634.0
007 tu
008 961023s1996 gw ||||| 00| ||ger c
015 |a 96,A47,0483  |2 dnb 
016 7 |a 948203692  |2 DE-101 
020 |a 3810016837  |9 3-8100-1683-7 
035 |a (DE-627)216640881 
035 |a (DE-603)051021099 
035 |a (DE-576)053105303 
035 |a (DE-599)GBV216640881 
035 |a (OCoLC)243845756 
035 |a (OCoLC)36559525 
035 |a (DE-604)8110615980 
040 |a DE-627  |b ger  |c DE-627  |e rakwb 
041 |a ger 
044 |c XA-DE 
082 0 |a 305.42/0943 
082 0 |a 305.420943  |q LoC  |2 DDC21oclc 
084 |a 14  |2 sdnb 
084 |a 1  |2 ssgn 
084 |a MS 3150  |2 rvk  |0 (DE-625)rvk/123671: 
084 |a MS 2850  |2 rvk  |0 (DE-625)rvk/123647: 
084 |a MS 3000  |2 rvk  |0 (DE-625)rvk/123652: 
084 |a CR 6000  |2 rvk  |0 (DE-625)rvk/19034: 
084 |a 02.02  |2 bkl 
084 |a 71.31  |2 bkl 
245 0 0 |a Kategorie: Geschlecht?  |b empirische Analysen und feministische Theorien  |c Ute Luise Fischer ... (Hrsg.) 
264 1 |a Opladen  |b Leske + Budrich  |c 1996 
300 |a 212 S.  |b graph. Darst.  |c 8° 
336 |a Text  |b txt  |2 rdacontent 
337 |a ohne Hilfsmittel zu benutzen  |b n  |2 rdamedia 
338 |a Band  |b nc  |2 rdacarrier 
490 1 |a Geschlecht und Gesellschaft  |v 6 
500 |a Literaturangagen 
583 1 |a Archivierung/Langzeitarchivierung gewährleistet  |f SSG  |x XA-DE-BW  |2 pdager  |5 DE-21 
650 0 7 |0 (DE-588)4020548-4  |0 (DE-627)104106883  |0 (DE-576)208933824  |a Geschlechterverhältnis  |2 gnd 
650 0 7 |0 (DE-588)4077587-2  |0 (DE-627)106079697  |0 (DE-576)209205733  |a Sozialer Wandel  |2 gnd 
650 0 7 |0 (DE-588)4018202-2  |0 (DE-627)104270705  |0 (DE-576)208923209  |a Frau  |2 gnd 
650 0 7 |0 (DE-588)4127505-6  |0 (DE-627)104766824  |0 (DE-576)209594209  |a Handlungsspielraum  |2 gnd 
650 0 7 |0 (DE-588)4071776-8  |0 (DE-627)104509104  |0 (DE-576)209184876  |a Geschlechterrolle  |2 gnd 
650 0 7 |0 (DE-588)4014606-6  |0 (DE-627)106339389  |0 (DE-576)208908633  |a Empirische Sozialforschung  |2 gnd 
650 0 7 |0 (DE-588)4222126-2  |0 (DE-627)104499168  |0 (DE-576)210278633  |a Feminismus  |2 gnd 
650 4 |a Frauenforschung 
650 4 |a Frauen 
650 4 |a Erwerbsbeteiligung 
650 4 |a Konstruktivismus 
650 4 |a Theoretische Diskussion 
650 4 |a Mütter, Geschlecht, Fischer, Keil 
655 7 |a Aufsatzsammlung  |0 (DE-588)4143413-4  |0 (DE-627)105605727  |0 (DE-576)209726091  |2 gnd-content 
689 0 0 |d s  |0 (DE-588)4020548-4  |0 (DE-627)104106883  |0 (DE-576)208933824  |a Geschlechterverhältnis  |2 gnd 
689 0 1 |d s  |0 (DE-588)4077587-2  |0 (DE-627)106079697  |0 (DE-576)209205733  |a Sozialer Wandel  |2 gnd 
689 0 2 |d s  |0 (DE-588)4018202-2  |0 (DE-627)104270705  |0 (DE-576)208923209  |a Frau  |2 gnd 
689 0 3 |d s  |0 (DE-588)4127505-6  |0 (DE-627)104766824  |0 (DE-576)209594209  |a Handlungsspielraum  |2 gnd 
689 0 |5 DE-101 
700 1 |8 1\p  |a Fischer, Ute Luise  |d 1965-  |e Hrsg.  |0 (DE-588)172566401  |0 (DE-627)697501914  |0 (DE-576)13342619X  |4 edt 
830 0 |a Geschlecht & Gesellschaft  |v 6  |9 6  |w (DE-627)320417298  |w (DE-576)048175366  |w (DE-600)2002100-8  |x 2512-0883  |7 am 
856 4 2 |u http://www.gbv.de/dms/bs/toc/216640881.pdf  |m V:DE-601  |m B:DE-84  |q pdf/application  |x Verlag  |y Inhaltsverzeichnis  |3 Inhaltsverzeichnis  |7 1 
856 4 2 |u https://swbplus.bsz-bw.de/bsz053105303cov.jpg  |m V:DE-576  |m X:springer  |q image/jpeg  |v 20140131132738  |3 Cover  |7 1 
856 4 2 |u http://scans.hebis.de/HEBCGI/show.pl?05102109_cov.jpg  |m V:DE-576;X:springer  |q image/jpeg  |3 Cover  |7 1 
856 4 2 |u http://scans.hebis.de/HEBCGI/show.pl?05102109_toc.pdf  |m V:DE-603;B:DE-17  |q application/pdf  |3 Inhaltsverzeichnis  |7 1 
856 4 2 |u http://d-nb.info/948203692/04  |x Verlag  |7 1 
883 |8 1\p  |a cgwrk  |d 20241001  |q DE-101  |u https://d-nb.info/provenance/plan#cgwrk 
935 |a mteo 
935 |i Blocktest 
936 r v |a MS 3150  |b Frauenbewegung  |k Soziologie  |k Spezielle Soziologien  |k Soziologische Geschlechterforschung (Gender Studies)  |k Spezielle Forschungsgebiete der soziologischen Geschlechterforschung  |k Geschlechtlich motivierte politische Bewegungen  |k Frauenbewegung  |0 (DE-627)144133470X  |0 (DE-625)rvk/123671:  |0 (DE-576)371334705 
936 r v |a MS 2850  |b Geschlechterrolle und Sexualverhalten  |k Soziologie  |k Spezielle Soziologien  |k Soziologische Geschlechterforschung (Gender Studies)  |k Geschlechterrolle und Sexualverhalten  |0 (DE-627)1271156059  |0 (DE-625)rvk/123647:  |0 (DE-576)201156059 
936 r v |a MS 3000  |b Allgemeines  |k Soziologie  |k Spezielle Soziologien  |k Soziologische Geschlechterforschung (Gender Studies)  |k Spezielle Forschungsgebiete der soziologischen Geschlechterforschung  |k Allgemeines  |0 (DE-627)1270705695  |0 (DE-625)rvk/123652:  |0 (DE-576)200705695 
936 r v |a CR 6000  |b Sexualität, geschlechtsspezifische Differenzen  |k Psychologie  |k Differentielle Psychologie (Persönlichkeitspsychologie)  |k Sexualität, geschlechtsspezifische Differenzen  |0 (DE-627)1271443783  |0 (DE-625)rvk/19034:  |0 (DE-576)201443783 
936 b k |a 02.02  |j Wissenschaftstheorie  |0 (DE-627)106403435 
936 b k |a 71.31  |j Geschlechter und ihr Verhalten  |0 (DE-627)106412655 
936 s n |a c200  |2 mzub 
936 s n |a m200  |2 mzub 
951 |a BO 
ELC |b 1 
LOK |0 000 xxxxxcx a22 zn 4500 
LOK |0 001 3130618821 
LOK |0 003 DE-627 
LOK |0 004 216640881 
LOK |0 005 20151116135120 
LOK |0 008 150728||||||||||||||||ger||||||| 
LOK |0 035   |a (DE-21-110)kd51811 
LOK |0 040   |a DE-21-110  |c DE-627  |d DE-21-110 
LOK |0 689   |a s  |a Geschlechterverhältnis 
LOK |0 689   |a s  |a Geschlecht 
LOK |0 852   |z Kein Bestand am IfK; Nachweis für KrimDok 
LOK |0 852   |a DE-21-110 
LOK |0 852 1  |9 00 
LOK |0 935   |a k110 
LOK |0 939   |a 28-07-15  |b l01 
ORI |a SA-MARC-krimdoka001.raw